[Event "Teteven op 30th"]
[Site "Teteven"]
[Date "2015.08.12"]
[Round "4"]
[White "Mitrev, Emil"]
[Black "Janev, Pavel"]
[Result "0-1"]
[WhiteElo "2143"]
[BlackElo "2241"]
[PlyCount "76"]
[EventDate "2015.08.10"]
[EventType "swiss"]
[EventRounds "9"]
[EventCountry "BUL"]
[SourceTitle "CBM 167 Extra"]
[Source "ChessBase"]
[SourceDate "2015.09.14"]
[SourceVersion "1"]
[SourceVersionDate "2015.09.14"]
[SourceQuality "1"]

1. e4 c5 2. Nf3 Nc6 3. d3 g6 4. g3 Bg7 5. Bg2 d6 6. Nbd2 e5 7. 0-0 Nge7 8. Re1 0-0 9. c3 Rb8 10. a4 Kh8 11. Nc4 f5 12. Bg5 h6 13. Bxe7 Nxe7 14. exf5 Nxf5 15. h4 Bd7 16. Nh2 h5 17. Nf3 Bh6 18. d4 cxd4 19. cxd4 e4 20. Nh2 d5 21. Ne5 Be8 22. Nf1 Qb6 23. g4 Nxd4 24. a5 Qxb2 25. Ra2 Nf3+ 26. Nxf3 Qxa2 27. Re2 Qxa5 28. Ng5 Qb6 29. gxh5 Bb5 30. Rb2 a6 31. Qxd5 Qf6 32. Rd2 Bxf1 33. Bxf1 e3 34. Rc2 Rbd8 35. Qg2 Bxg5 36. hxg5 exf2+ 37. Kh1 Qf4 38. hxg6 Qh4+ 0-1

[Event "Vidin Balkan Amateur op 5th"]
[Site "Vidin"]
[Date "2014.08.30"]
[Round "8"]
[White "Danov, Lyubomir"]
[Black "Mitrev, Emil"]
[Result "1-0"]
[WhiteElo "2221"]
[BlackElo "2159"]
[PlyCount "71"]
[EventDate "2014.08.23"]
[EventType "swiss"]
[EventRounds "9"]
[EventCountry "BUL"]
[SourceTitle "CBM 162 Extra"]
[Source "ChessBase"]
[SourceDate "2014.10.17"]
[SourceVersion "1"]
[SourceVersionDate "2014.10.17"]
[SourceQuality "1"]

1. d4 c5 2. d5 g6 3. Nc3 Bg7 4. e4 d6 5. Nf3 Nf6 6. Be2 Na6 7. 0-0 Nc7 8. a4 0-0 9. Bf4 Nh5 10. Be3 e6 11. dxe6 Nxe6 12. Qd2 Bd7 13. Qxd6 Bc6 14. Qxd8 Rfxd8 15. Nd2 Nhf4 16. Bf3 g5 17. Nb3 b6 18. Rfd1 Nd4 19. Bxf4 gxf4 20. Nxd4 Bxd4 21. Nd5 Bxd5 22. exd5 Bxb2 23. Rab1 Bd4 24. Kf1 Rd6 25. Re1 Rad8 26. c4 f6 27. Re4 Be5 28. g3 fxg3 29. hxg3 R6d7 30. Bg4 Rb7 31. Kg2 a6 32. Be6+ Kg7 33. Rh4 h6 34. Rg4+ Kh8 35. Rh1 h5 36. Bf5 1-0

[Event "Vidin Balkan Amateur op 5th"]
[Site "Vidin"]
[Date "2014.08.24"]
[Round "2"]
[White "Taylor, Robert Graham"]
[Black "Mitrev, Emil"]
[Result "1/2-1/2"]
[WhiteElo "1960"]
[BlackElo "2159"]
[PlyCount "73"]
[EventDate "2014.08.23"]
[EventType "swiss"]
[EventRounds "9"]
[EventCountry "BUL"]
[SourceTitle "CBM 162 Extra"]
[Source "ChessBase"]
[SourceDate "2014.10.17"]
[SourceVersion "1"]
[SourceVersionDate "2014.10.17"]
[SourceQuality "1"]

1. Nf3 g6 2. g3 Bg7 3. d4 Nf6 4. Bg2 0-0 5. 0-0 d6 6. c4 Na6 7. Nc3 c5 8. e4 cxd4 9. Nxd4 Nc5 10. h3 Rb8 11. Be3 a6 12. Qc2 Ne6 13. Rad1 Qa5 14. Nd5 Nxd5 15. exd5 Nxd4 16. Bxd4 Bxd4 17. Rxd4 Qxa2 18. Rh4 e5 19. c5 Bf5 20. Qd2 f6 21. cxd6 Rbd8 22. Rc1 Rxd6 23. Rc7 g5 24. Rb4 b5 25. g4 Bd7 26. Qc2 Rxd5 27. Bxd5+ Qxd5 28. Qb3 Be6 29. Qc2 Bf7 30. Rc5 Qd8 31. Re4 Bg6 32. Qb3+ Bf7 33. Qc3 Qa8 34. Re1 Bd5 35. Rc1 Bh1 36. Qg3 Bf3 37. Rc7 1/2-1/2

[Event "Vidin op"]
[Site "Vidin"]
[Date "2009.10.24"]
[Round "4"]
[White "Kolev, Nikolay"]
[Black "Mitrev, Emil"]
[Result "0-1"]
[WhiteElo "2073"]
[BlackElo "2198"]
[PlyCount "60"]
[EventDate "2009.10.23"]
[EventType "swiss"]
[EventRounds "7"]
[EventCountry "BUL"]
[SourceTitle "EXT 2010"]
[Source "ChessBase"]
[SourceDate "2010.11.25"]
[SourceVersion "1"]
[SourceVersionDate "2010.11.25"]
[SourceQuality "1"]

1. d4 Nf6 2. Nc3 g6 3. e4 d6 4. f3 Bg7 5. Be3 0-0 6. Qd2 c6 7. h4 b5 8. a3 h5 9. Nh3 Nbd7 10. Ng5 Nb6 11. b3 Qc7 12. Bd3 a6 13. 0-0 e5 14. dxe5 dxe5 15. Qf2 Rb8 16. Rad1 Re8 17. Rd2 Be6 18. Rfd1 Nbd7 19. Bf1 Bf8 20. Nb1 c5 21. c4 b4 22. a4 Rb6 23. g3 Rd6 24. Rxd6 Bxd6 25. Nxe6 fxe6 26. Bh3 Kf8 27. Bg5 Be7 28. Be3 Rd8 29. Nd2 Kg7 30. Rf1 Ne8 0-1

[Event "Vidin op"]
[Site "Vidin"]
[Date "2009.10.23"]
[Round "2"]
[White "Petkov, Vladimir"]
[Black "Mitrev, Emil"]
[Result "1-0"]
[WhiteElo "2456"]
[BlackElo "2198"]
[PlyCount "73"]
[EventDate "2009.10.23"]
[EventType "swiss"]
[EventRounds "7"]
[EventCountry "BUL"]
[SourceTitle "EXT 2010"]
[Source "ChessBase"]
[SourceDate "2010.11.25"]
[SourceVersion "1"]
[SourceVersionDate "2010.11.25"]
[SourceQuality "1"]

1. Nf3 Nf6 2. c4 g6 3. Nc3 Bg7 4. d4 d6 5. e4 0-0 6. h3 Na6 7. Be3 c5 8. d5 Nc7 9. Bd3 e5 10. g4 Rb8 11. Qd2 Re8 12. a4 a6 13. a5 b5 14. b3 Bd7 15. Ne2 h5 16. g5 Nh7 17. Ng3 Nf8 18. Qe2 bxc4 19. bxc4 Rb3 20. Bc2 Rb2 21. Bc1 Rb7 22. Ra3 Qc8 23. Qf1 Rb4 24. Nh4 Qb7 25. Qe2 Rb8 26. Ngf5 gxf5 27. exf5 Rb1 28. 0-0 Rxc1 29. Rxc1 Qb2 30. Raa1 Qd4 31. Be4 Rb2 32. Qe3 Kh7 33. Nf3 Qxe3 34. fxe3 f6 35. h4 Be8 36. Rab1 Rxb1 37. Rxb1 1-0

[Event "Teteven op 24th"]
[Site "Teteven"]
[Date "2009.08.15"]
[Round "1"]
[White "Vasileva, Veronika"]
[Black "Mitrev, Emil"]
[Result "1/2-1/2"]
[WhiteElo "1596"]
[BlackElo "2220"]
[PlyCount "132"]
[EventDate "2009.08.15"]
[EventType "swiss"]
[EventRounds "9"]
[EventCountry "BUL"]
[SourceTitle "CBM 131 Extra"]
[Source "ChessBase"]
[SourceDate "2009.09.03"]
[SourceVersion "2"]
[SourceVersionDate "2009.09.16"]
[SourceQuality "1"]

1. d4 Nf6 2. Nf3 g6 3. c4 c5 4. d5 Bg7 5. Nc3 0-0 6. e4 d6 7. Be2 Na6 8. 0-0 Nc7 9. Nd2 e5 10. a3 b6 11. b4 Rb8 12. b5 Bh6 13. Nb3 Bxc1 14. Qxc1 Nce8 15. a4 Ng7 16. a5 Nd7 17. axb6 axb6 18. Nd2 f5 19. Nf3 f4 20. Qd1 h6 21. h3 Nf6 22. Re1 Rf7 23. Ra3 Nh7 24. Nh2 h5 25. Qa1 Ng5 26. Ra8 Bxh3 27. Rxb8 Qxb8 28. gxh3 Nxh3+ 29. Kg2 f3+ 30. Bxf3 Nf4+ 31. Kh1 Ra7 32. Qd1 Ra3 33. Qd2 Qa7 34. Rg1 Qa5 35. Nb1 Qxd2 36. Nxd2 Ra2 37. Nhf1 Kf7 38. Rg3 Kf6 39. Bd1 g5 40. Rc3 g4 41. Rc2 Ra1 42. Ne3 Kg5 43. Nb3 Rb1 44. Ra2 h4 45. Ra7 Ngh5 46. Ra1 Rxa1 47. Nxa1 g3 48. fxg3 Nxg3+ 49. Kh2 Nxe4 50. Bc2 Nd2 51. Nb3 Nf3+ 52. Kh1 Nd4 53. Nd2 Kf6 54. Ne4+ Ke7 55. Kg1 Nh3+ 56. Kf1 Nf4 57. Kf2 Nh3+ 58. Kf1 Nf4 59. Kg1 Nde2+ 60. Kh2 Nd4 61. Nc3 Kd7 62. Na4 Kc7 63. Be4 Nb3 64. Ng2 Ne2 65. Kh3 Nd2 66. Bd3 Nc1 1/2-1/2

[Event "Kozloduy op rap"]
[Site "Kozloduy"]
[Date "2009.06.20"]
[Round "6"]
[White "Hristov, Petar"]
[Black "Mitrev, Emil"]
[Result "1-0"]
[WhiteElo "1973"]
[BlackElo "2220"]
[PlyCount "72"]
[EventDate "2009.06.18"]
[EventType "swiss (rapid)"]
[EventRounds "7"]
[EventCountry "BUL"]
[SourceTitle "CBM 131 Extra"]
[Source "ChessBase"]
[SourceDate "2009.09.03"]
[SourceVersion "2"]
[SourceVersionDate "2009.09.16"]
[SourceQuality "1"]

1. d4 Nf6 2. Nf3 g6 3. g3 Bg7 4. Bg2 0-0 5. 0-0 d6 6. c4 c5 7. e3 Nbd7 8. Nc3 Rb8 9. d5 a6 10. a4 Ne8 11. Qc2 b6 12. b3 Nc7 13. Bb2 b5 14. Nd2 bxc4 15. bxc4 e5 16. Rab1 f5 17. f4 Ne8 18. Nf3 Rb4 19. Na2 a5 20. Nxb4 cxb4 21. fxe5 Nc5 22. Bd4 Qc7 23. e6 Nf6 24. Ng5 h6 25. Nf7 Kh7 26. Qa2 Nxe6 27. dxe6 Bxe6 28. Nxd6 Qxd6 29. Qe2 Bd7 30. c5 Qe6 31. Rfc1 Ne4 32. Bxe4 Qxe4 33. Qg2 Bxd4 34. Qxe4 fxe4 35. exd4 Bc6 36. Rd1 Bxa4 1-0

[Event "Kozloduy op rap"]
[Site "Kozloduy"]
[Date "2009.06.18"]
[Round "2"]
[White "Mitrev, Emil"]
[Black "Tsolov, Emil"]
[Result "1-0"]
[WhiteElo "2220"]
[BlackElo "2029"]
[PlyCount "73"]
[EventDate "2009.06.18"]
[EventType "swiss (rapid)"]
[EventRounds "7"]
[EventCountry "BUL"]
[SourceTitle "CBM 131 Extra"]
[Source "ChessBase"]
[SourceDate "2009.09.03"]
[SourceVersion "2"]
[SourceVersionDate "2009.09.16"]
[SourceQuality "1"]

1. e4 c5 2. Nf3 Nc6 3. Bb5 g6 4. 0-0 Nf6 5. Re1 Bg7 6. Bxc6 bxc6 7. d3 0-0 8. Nbd2 d6 9. h3 e5 10. Nf1 Nh5 11. c3 Nf4 12. d4 cxd4 13. cxd4 Ba6 14. Bxf4 exf4 15. Rc1 Rc8 16. Qd2 g5 17. N1h2 h6 18. b4 Bb5 19. e5 Re8 20. exd6 Qxd6 21. Ng4 f6 22. a4 Ba6 23. Rc5 h5 24. Ngh2 Rxe1+ 25. Qxe1 Qd7 26. Qe4 Bb7 27. h4 Bf8 28. Qg6+ Qg7 29. Qxh5 Bxc5 30. bxc5 Qf7 31. Qg4 Rb8 32. hxg5 Bc8 33. Qxf4 Rb1+ 34. Nf1 Ba6 35. N3d2 Bxf1 36. Nxb1 Qb3 37. Nd2 1-0